| 000 | 00531nam a22001937a 4500 | ||
|---|---|---|---|
| 003 | OSt | ||
| 005 | 20180116182951.0 | ||
| 008 | 131204b xxu||||| |||| 00| 0 eng d | ||
| 020 | _a9788131727430 | ||
| 040 |
_a0 _c0 |
||
| 082 |
_29th Ed. _a659.2 WIL 2009 |
||
| 100 | _aDennis L. Wilcox | ||
| 245 |
_aPublic Relations Strategies and Tactics _cDennis L. Wilcox |
||
| 250 | _a9th Ed. | ||
| 260 |
_aNew Delhi India _bPearson _c2009 |
||
| 300 |
_a612p _bPB. |
||
| 440 | _aPublic Relations Strategies and Tactics | ||
| 942 |
_2ddc _cBK |
||
| 999 |
_c349531 _d349531 |
||